Sports Quiz

Random Sports or Football Quiz

Most Heisman Winners Quiz Stats

 Plays Quiz Updated Dec 8, 2018

Score 0/18 Timer 04:00
0 Plays Today
Heismans School % Correct
6Southern California
95.7%
3Florida
94%
2Alabama
92.5%
2Texas
91.6%
7Ohio State
90.3%
3Michigan
89%
7Oklahoma
87.4%
7Notre Dame
84.8%
3Florida State
78.9%
Heismans School % Correct
2Miami (FL)
74.3%
2Georgia
68.5%
3Nebraska
64.5%
3Auburn
56%
2Texas A&M
55.9%
3Army
49.4%
2Navy
48.6%
2Wisconsin
46.2%
2Yale
24.9%

You're not logged in!

Compare scores with friends on all Sporcle quizzes.
OR
Log In

Sporcle TV

Today on Sporcle TV


Watch our educational content, quiz creation guides, and fun videos on Sporcle TV.

Show Comments

Extras

Top Quizzes Today


Score Distribution

Your Account Isn't Verified!

In order to create a playlist on Sporcle, you need to verify the email address you used during registration. Go to your Sporcle Settings to finish the process.

Report this User

Report this user for behavior that violates our Community Guidelines.

Details: